00428nam a2200145Ia 4500008004100000041000900041082001700050100002000067245002700087260004100114300000800155650000800163999001700171952009400188230718s9999 xx 000 0 und d aEng. a392.3bBRA-T aBradon, Besnard 4aThe leidres of Shamper aPakistanboxford cringy Press c1960 a231 aLaw c26618d26618 00104070aSIRC-LbSIRC-Ld2023-07-18l0o392.3 BRA-Tp21570r2023-07-18w2023-07-18yBK